| 000 | 00346nam a2200133Ia 4500 | ||
|---|---|---|---|
| 008 | 240624s9999 xx 000 0 und d | ||
| 041 | _aeng | ||
| 082 | _a332.12 SUB | ||
| 100 | _aSUBBARAO DUVVURI | ||
| 245 | _aWHO MOVED MY INTEREST RATE LEADING THE R | ||
| 260 |
_c2016 _aNew Delhi _bPenguin |
||
| 300 | _axxv, 323 p.; 23 cm. | ||
| 365 |
_cRS _b30 |
||
| 999 |
_c32094 _d32094 |
||